ბათუმის შოთა რუსთაველის სახელმწიფო უნივერსიტეტის ბიბლიოთეკა

ლიტერატურულ - ენათმეცნიერული ნარკვევები / (ბიბ.ჩანაწერი № 52855)

000 -ლიდერი
ფიქსირებული სიგრძის საკონტროლო ველი 01203nam a2200265Ia 4500
001 - საკონტროლო ნომერი
საკონტროლო ველი 19885
003 - საკონტროლო ნომრის იდენტიფიკატორი
საკონტროლო ველი GE_BSU
005 - ბოლო ოპერაციის თარიღი და დრო
საკონტროლო ველი 20200423235950.0
008 - ფიქსირებული სიგრძის მონაცემთა ელემენტები - ზოგადი ინფორმაცია
ფიქსირებული სიგრძის საკონტროლო ველი 181216s1974||||ge |||||||||||||| ||geo||
040 ## - კატალოგიზაციის წყარო
Transcribing agency GE_BSU
041 ## - ენის კოდი
Language code of text/sound track or separate title geo
080 ## - უნივერსალური ათობითი კლასიფიკაციის ინდექსი
Universal Decimal Classification number 811.353.1-26 + 008(479.22) ძ-63
245 ## - ცნობა სათაურის შესახებ
Title ლიტერატურულ - ენათმეცნიერული ნარკვევები /
Statement of responsibility, etc შ. ძიძიგური ; რედ. ე. ქარელიშვილი.
250 ## - გამოცემის ცნობა
Edition statement მე-2 გამოც.
264 ## - წარმოების, გამოცემის, დისტრიბუციის და სხვა ცნობები
გამოცემის, წარმოების, დისტრიბუციის... ადგილი თბილისი :
გამოცემის, წარმოების, დისტრიბუციის... სახელწოდება მერანი,
გამოცემის, წარმოების, დისტრიბუციის... თარიღი 1974.
300 ## - ფიზიკური აღწერა
Extent 573 გვ. ;
Dimensions 21 სმ.
653 ## - INDEX TERM--UNCONTROLLED
Uncontrolled term ლიტერატურულ - ენათმეცნიერული ნარკვევები
653 ## - INDEX TERM--UNCONTROLLED
Uncontrolled term მწერლის ენა
653 ## - INDEX TERM--UNCONTROLLED
Uncontrolled term ქართული ენა
653 ## - INDEX TERM--UNCONTROLLED
Uncontrolled term ქართული ენის თავგადასავლი
653 ## - INDEX TERM--UNCONTROLLED
Uncontrolled term ქართული ენისა და კულტურის მკვლევარნი
700 ## - ADDED ENTRY--PERSONAL NAME
Personal name ქარელიშვილი, ე.
Relator term რედაქტორი
9 (RLIN) 6259
942 ## - ADDED ENTRY ELEMENTS (KOHA)
Koha item type წიგნი
Source of classification or shelving scheme
ეგზემპლარები
ჩამოწერის სტატუსი დაკარგული ეგზემპლარის სტატუსი კლასიფიკაციის წყარო ან თაროზე გაწყობის სქემა დაზიანების სტატუსი არ გაიცემა მუდმივი მდებარეობა (დაცვის ადგილი) ამჟამინდელი ადგილსამყოფელი თაროზე განთავსების ადგილი შეძენის თარიღი ღირებულება, შესყიდვის ნორმალური ფასი სრული შენახვის შიფრი შტრიხკოდი ბოლო ოპერაციის თარიღი ეგზემპლარის მიმდევრობითი ნომერი (კეტერი?) ფასის ძალაში შესვლის თარიღი ეგზემპლარის სახეობა საჯარო შენიშვნა
          ბათუმის შოთა რუსთაველის სახელმწიფო უნივერსიტეტის მთავარი ბიბლიოთეკა ბათუმის შოთა რუსთაველის სახელმწიფო უნივერსიტეტის მთავარი ბიბლიოთეკა წიგნსაცავი 2018-12-17 4.58 811.353.1-26 + 008(479.22) ძ-63 52242 2018-12-17 52242 2018-12-17 წიგნი 4.58 ლ.
          ბათუმის შოთა რუსთაველის სახელმწიფო უნივერსიტეტის მთავარი ბიბლიოთეკა ბათუმის შოთა რუსთაველის სახელმწიფო უნივერსიტეტის მთავარი ბიბლიოთეკა წიგნსაცავი 2018-12-17 4.58 811.353.1-26 + 008(479.22) ძ-63 52243 2018-12-17 52243 2018-12-17 წიგნი 4.58 ლ.
          ბათუმის შოთა რუსთაველის სახელმწიფო უნივერსიტეტის მთავარი ბიბლიოთეკა ბათუმის შოთა რუსთაველის სახელმწიფო უნივერსიტეტის მთავარი ბიბლიოთეკა წიგნსაცავი 2018-12-17 4.58 811.353.1-26 + 008(479.22) ძ-63 52244 2018-12-17 52244 2018-12-17 წიგნი 4.58 ლ.
          ბათუმის შოთა რუსთაველის სახელმწიფო უნივერსიტეტის მთავარი ბიბლიოთეკა ბათუმის შოთა რუსთაველის სახელმწიფო უნივერსიტეტის მთავარი ბიბლიოთეკა წიგნსაცავი 2018-12-17 4.58 811.353.1-26 + 008(479.22) ძ-63 52392 2018-12-17 52392 2018-12-17 წიგნი 4.58 ლ.